Fundamental accounting principles. / (Record no. 2014)

MARC details
000 -LEADER
fixed length control field 02156nam a22002057a 4500
008 - FIXED-LENGTH DATA ELEMENTS--GENERAL INFORMATION
fixed length control field 120814t xxu||||| |||| 00| 0 eng d
020 ## - INTERNATIONAL STANDARD BOOK NUMBER
International Standard Book Number 0071158189
050 ## - LIBRARY OF CONGRESS CALL NUMBER
Classification number HF56.35.L32
100 ## - MAIN ENTRY--PERSONAL NAME
Personal name Larson, Kermit D.
245 ## - TITLE STATEMENT
Title Fundamental accounting principles. /
Statement of responsibility, etc. Kermit D. Larson, John J. Wild and Barbara Chiappetta
250 ## - EDITION STATEMENT
Edition statement 15th ed.
260 ## - PUBLICATION, DISTRIBUTION, ETC.
Place of publication, distribution, etc. London:
Name of publisher, distributor, etc. Irwin McGraw Hill,
Date of publication, distribution, etc. c1999.
300 ## - PHYSICAL DESCRIPTION
Extent xxxii, 1136p+various pagings.:
Other physical details ill. ;
Dimensions 28cm.
500 ## - GENERAL NOTE
General note Includes index
505 ## - FORMATTED CONTENTS NOTE
Formatted contents note Contents: Financial reporting and the accounting cycle: Accounting in the information age -- Financial statements and accounting transactions -- Analyzing and recording transactions -- Adjusting accounts for financial statements -- Completing the accounting cycle -- Accounting for operating activities: Accounting for mechandising activities -- Merchandise inventories and cost of sales -- Accounting information systems -- Accounting for investing and financing activities: Internal control and cash -- Receivables and short-term investments -- Plant assets, natural resources, and intangible assets -- Current and long-term liabilities -- Accounting for partnerships and corporations: Partnerships and corporations -- Corporate reporting: dividends, stock and income -- Bonds and long-term notes payable -- Long-term investments and international accounting -- Analysis of accounting information: Reporting and analyzing cash flows -- Analyzing financial statements -- Managerial accounting and product costing: Managerial accounting concepts and principles -- Manufacturing and job order cost accounting -- Process cost accounting -- Cost allocation and performance measurement -- Cost planning and control: Cost-volume-profit analysis -- Master budgets and planning -- Flexible budgets and standard costs -- Strategic analysis in managerial and cost accounting: Capital budgeting and managerial decisions -- Appendix A: financial statements -- Appendix B: accounting concepts and alternative valuations -- Appendix C: present and future values.
650 ## - SUBJECT ADDED ENTRY--TOPICAL TERM
Topical term following geographic name entry element Accounting
700 ## - ADDED ENTRY--PERSONAL NAME
Personal name Wild, John J.
700 ## - ADDED ENTRY--PERSONAL NAME
Personal name Chiappetta, Barbara
942 ## - ADDED ENTRY ELEMENTS (KOHA)
Source of classification or shelving scheme Library of Congress Classification
Koha item type Books
Holdings
Withdrawn status Lost status Source of classification or shelving scheme Damaged status Not for loan Home library Current library Shelving location Date acquired Total Checkouts Full call number Barcode Date last seen Price effective from Koha item type
    Library of Congress Classification     WISCONSIN INTERNATIONAL UNIVERSITY COLLEGE, GHANA - MAIN LIBRARY WISCONSIN INTERNATIONAL UNIVERSITY COLLEGE, GHANA - MAIN LIBRARY General Stacks 14/08/2012   HF56.35.L32 3665/12 14/08/2012 14/08/2012 Books

If you have any concerns or questions; kindly contact the library


© Powered by WIUC ICT DIRECTORATE